000 00677nam a2200253Ia 4500
003 OSt
005 20220918203916.0
006 a|||||r|||| 00| 0
007 ta
008 220917b |||||||| |||| 00| 0 eng d
024 _a110,238
037 _cTextual
040 _aARTS
_cARTS
_beng
041 _2eng
_aeng
082 _aV5:2:N3, J4,J41,J42 (TV)
100 _aMunro William Bennett
_9110070
245 0 _aGovernments of Europe
250 _a4th
260 _c1954
650 _aHISTORY
700 _a Ayerst Morley
_9110071
942 _hV5:2:N3, J4,J41,J42 (TV)
_cTEXL
_2CC
999 _c233588
_d233588